[Event "ASIAN CITIES CHESS CHAMPIONSHIP 2015"]
[Site "Citrus Hotel , Waskaduwa, Sri Lanka"]
[Date "2015.07.23"]
[Round "2"]
[Board "4"]
[White "Subasinghe, K R V R"]
[Black "Yang, Sung-Jui"]
[Result "1-0"]
[WhiteElo "1874"]
[BlackElo "1626"]
[PlyCount "83"]
[EventDate "2015.07.22"]
[EventType "team"]
[EventRounds "9"]
[EventCountry "SRI"]
[WhiteTeam "Kandy, Sri Lanka"]
[BlackTeam "Taipei, Chinese Taipei"]

1. e4 e6 2. d4 d5 3. exd5 exd5 4. Bd3 Nc6 5. c3 Bd6 6. Nf3 Bg4 7. Be3 Nge7 8.
Nbd2 Qd7 9. h3 Bf5 10. Nb3 Bxd3 11. Qxd3 Qf5 12. Qxf5 Nxf5 13. Bd2 O-O 14.
O-O-O Rfe8 15. Rde1 b6 16. Kc2 Kf8 17. Kd3 f6 18. Na1 Rxe1 19. Rxe1 Re8 20. Rc1
Na5 21. b3 c5 22. Re1 c4+ 23. Kc2 Rxe1 24. Bxe1 b5 25. Bd2 Nc6 26. Kb2 a5 27.
Nc2 Ke7 28. g4 Nh6 29. Bxh6 gxh6 30. Nh4 Bf4 31. Nf5+ Ke6 32. a4 b4 33. bxc4
dxc4 34. Nce3 Ne7 35. Nxe7 Bxe3 36. fxe3 Kxe7 37. cxb4 axb4 38. a5 c3+ 39. Kb3
Kd7 40. d5 Kc7 41. a6 Kb6 42. d6 1-0

[Event "ASIAN CITIES CHESS CHAMPIONSHIP 2015"]
[Site "Citrus Hotel , Waskaduwa, Sri Lanka"]
[Date "2015.07.23"]
[Round "2"]
[Board "1"]
[White "Al-Takrori, Husam"]
[Black "Arjun, Satheesh"]
[Result "0-1"]
[WhiteElo "2071"]
[BlackElo "1997"]
[PlyCount "138"]
[EventDate "2015.07.22"]
[EventType "team"]
[EventRounds "9"]
[EventCountry "SRI"]
[WhiteTeam "Jeruselam, Palestine"]
[BlackTeam "Calicut, India"]

1. d4 Nf6 2. Nf3 e6 3. e3 b6 4. Bd3 Bb7 5. Nbd2 d5 6. O-O Nbd7 7. c3 Ne4 8. Ne5
Nxe5 9. dxe5 Nc5 10. Bc2 Be7 11. b4 Nd7 12. f4 c5 13. f5 exf5 14. Bxf5 Nxe5 15.
Nf3 Nxf3+ 16. Rxf3 Bc6 17. Qc2 g6 18. Bh3 O-O 19. Ba3 d4 20. e4 dxc3 21. Qxc3
cxb4 22. Bxb4 Bxb4 23. Qxb4 a5 24. Qe1 Qd4+ 25. Re3 Rfe8 26. Rd1 Qe5 27. Bd7
Bxd7 28. Rxd7 Rad8 29. Rb7 Re6 30. h3 Rdd6 31. Qf2 Rd1+ 32. Re1 Rxe1+ 33. Qxe1
Qc5+ 34. Kh2 Qc6 35. Ra7 Re8 36. Qf2 Qd6+ 37. Kh1 Qe6 38. Rb7 h5 39. a3 Rd8 40.
Qf4 Re8 41. a4 Rf8 42. e5 Rd8 43. Kh2 Rd5 44. Rb8+ Kg7 45. Qf6+ Qxf6 46. exf6+
Kxf6 47. Rxb6+ Ke5 48. Kg3 Ke4 49. Ra6 Re5 50. Rd6 Ke3 51. Rd7 Rg5+ 52. Kh4 Rf5
53. Kg3 f6 54. Re7+ Re5 55. Rd7 Ke4 56. Rd6 Kf5 57. Kf3 h4 58. Rd4 g5 59. Rc4
Rd5 60. Ke3 Re5+ 61. Kf3 Kg6 62. Rc6 Rf5+ 63. Ke3 Rf4 64. Ra6 Rxa4 65. Kf2 Ra3
66. Kg1 Ra2 67. Kh2 Kf5 68. Rb6 Ra3 69. Rb5+ Kg6 0-1

[Event "ASIAN CITIES CHESS CHAMPIONSHIP 2015"]
[Site "Citrus Hotel , Waskaduwa, Sri Lanka"]
[Date "2015.07.23"]
[Round "2"]
[Board "2"]
[White "Sanjid, Latheef"]
[Black "Ahmad, E. Al-Azzah"]
[Result "1-0"]
[WhiteElo "1922"]
[BlackElo "1963"]
[PlyCount "133"]
[EventDate "2015.07.22"]
[EventType "team"]
[EventRounds "9"]
[EventCountry "SRI"]
[WhiteTeam "Calicut, India"]
[BlackTeam "Jeruselam, Palestine"]

1. b3 Nf6 2. Bb2 d6 3. d4 Nbd7 4. g3 c6 5. Bg2 e5 6. Nd2 Be7 7. e3 O-O 8. Ne2
Re8 9. O-O Bf8 10. c4 d5 11. Rc1 Qa5 12. a3 e4 13. b4 Qd8 14. b5 a6 15. Nc3
axb5 16. cxd5 Nxd5 17. Ndxe4 N7b6 18. Nxd5 Nxd5 19. Nc5 Nb6 20. Rc3 Bxc5 21.
Rxc5 Na4 22. Rc2 Nxb2 23. Rxb2 Rxa3 24. d5 Qf6 25. Rb3 Rxb3 26. Qxb3 Bd7 27.
Rc1 c5 28. Rxc5 Qa1+ 29. Bf1 Bh3 30. Qxb5 Ra8 31. Qc4 b6 32. Rc7 g6 33. Qc1
Bxf1 34. Kxf1 Qe5 35. Rc8+ Rxc8 36. Qxc8+ Kg7 37. Qc4 Kf8 38. Qb4+ Ke8 39. d6
b5 40. f4 Qxe3 41. Qxb5+ Kf8 42. Qe5 Qxe5 43. fxe5 Ke8 44. Ke2 Kd7 45. Kf3 f6
46. Kf4 Ke6 47. exf6 Kxd6 48. g4 h6 49. g5 Ke6 50. h4 Kf7 51. Ke5 h5 52. Kd6
Kf8 53. Ke6 Ke8 54. f7+ Kf8 55. Kd6 Kxf7 56. Kd7 Kf8 57. Ke6 Kg7 58. Ke7 Kh7
59. Kf7 Kh8 60. Kxg6 Kg8 61. Kxh5 Kg7 62. g6 Kg8 63. Kg5 Kg7 64. h5 Kg8 65. h6
Kf8 66. Kf6 Kg8 67. g7 1-0

[Event "ASIAN CITIES CHESS CHAMPIONSHIP 2015"]
[Site "Citrus Hotel , Waskaduwa, Sri Lanka"]
[Date "2015.07.23"]
[Round "2"]
[Board "3"]
[White "Tamra, Attallah"]
[Black "Mohammed, Dilshad"]
[Result "0-1"]
[WhiteElo "2053"]
[BlackElo "1961"]
[PlyCount "44"]
[EventDate "2015.07.22"]
[EventType "team"]
[EventRounds "9"]
[EventCountry "SRI"]
[WhiteTeam "Jeruselam, Palestine"]
[BlackTeam "Calicut, India"]

1. d4 d5 2. c4 c6 3. Nc3 Nf6 4. e3 Bg4 5. Qb3 Qb6 6. cxd5 Qxb3 7. axb3 Nxd5 8.
Nxd5 cxd5 9. Bd3 Nc6 10. Bd2 e6 11. Ne2 Bd6 12. Nc3 O-O 13. h3 Bh5 14. O-O Bg6
15. Bxg6 hxg6 16. Rfc1 f5 17. Nb1 Bb8 18. Ra4 a6 19. Kf1 f4 20. f3 fxe3 21.
Bxe3 Kf7 22. Ke2 Ke7 {Poor Recording} 0-1

[Event "ASIAN CITIES CHESS CHAMPIONSHIP 2015"]
[Site "Citrus Hotel , Waskaduwa, Sri Lanka"]
[Date "2015.07.23"]
[Round "2"]
[Board "4"]
[White "Arjun, K"]
[Black "Dodean, Mahmood"]
[Result "1-0"]
[WhiteElo "2035"]
[BlackElo "1837"]
[PlyCount "48"]
[EventDate "2015.07.22"]
[EventType "team"]
[EventRounds "9"]
[EventCountry "SRI"]
[WhiteTeam "Calicut, India"]
[BlackTeam "Jeruselam, Palestine"]

1. e4 c6 2. d3 d5 3. Nd2 dxe4 4. dxe4 e6 5. Ngf3 Nf6 6. Bc4 b5 7. Bb3 a5 8. a4
b4 9. O-O Be7 10. Qe2 O-O 11. Rd1 Qc7 12. Bc4 Nbd7 13. b3 Nb6 14. Bd3 Bb7 15.
Bb2 c5 16. c4 Nbd7 17. e5 Nh5 18. Qe3 g6 19. Ne4 Ng7 20. Nf6+ Bxf6 21. exf6
Nxf6 22. Qg5 Bxf3 23. gxf3 Ra6 24. f4 Qa7 {Poor Recording} 1-0

[Event "ASIAN CITIES CHESS CHAMPIONSHIP 2015"]
[Site "Citrus Hotel , Waskaduwa, Sri Lanka"]
[Date "2015.07.23"]
[Round "3"]
[Board "1"]
[White "Abdyjapar, Asyl"]
[Black "Himanshu, Sharma"]
[Result "0-1"]
[WhiteElo "2390"]
[BlackElo "2410"]
[PlyCount "91"]
[EventDate "2015.07.22"]
[EventType "team"]
[EventRounds "9"]
[EventCountry "SRI"]
[WhiteTeam "Bishkek City, Kyrgyzstan"]
[BlackTeam "Bangalore, India"]

1. d4 d5 2. c4 c6 3. Nf3 Nf6 4. e3 a6 5. Nc3 b5 6. b3 Bg4 7. Be2 Nbd7 8. O-O e6
9. Bd2 Bd6 10. h3 Bh5 11. a4 b4 12. Na2 a5 13. Nc1 O-O 14. Nd3 dxc4 15. bxc4
Qb8 16. c5 Bc7 17. Nc1 Re8 18. Nb3 Qb7 19. Bc1 e5 20. Bb2 e4 21. Nfd2 Bxe2 22.
Qxe2 Nd5 23. f3 f5 24. f4 N7f6 25. Rac1 h5 26. Nc4 Qc8 27. Ne5 Qe6 28. Nd2 Kh7
29. Ndc4 Rac8 30. Qf2 g6 31. Qh4 Kg7 32. Rc2 Nd7 33. Rfc1 Rf8 34. Nd6 Nxe5 35.
dxe5 Nxe3 36. Nxc8 Rxc8 37. Rd2 Nd5 38. Rcd1 Bd8 39. Qg3 h4 40. Qb3 Be7 41. Qc4
Nxf4 42. Qa6 Nd3 43. Rxd3 exd3 44. Rxd3 Bxc5+ 45. Kh2 Kh6 46. Qb7 0-1

[Event "ASIAN CITIES CHESS CHAMPIONSHIP 2015"]
[Site "Citrus Hotel , Waskaduwa, Sri Lanka"]
[Date "2015.07.23"]
[Round "3"]
[Board "2"]
[White "Stany, G.A."]
[Black "Tologontegin, Semetey"]
[Result "1-0"]
[WhiteElo "2380"]
[BlackElo "2402"]
[PlyCount "40"]
[EventDate "2015.07.22"]
[EventType "team"]
[EventRounds "9"]
[EventCountry "SRI"]
[WhiteTeam "Bangalore, India"]
[BlackTeam "Bishkek City, Kyrgyzstan"]

1. e4 g6 2. d4 Bg7 3. c3 c6 4. Bd3 d6 5. Ne2 Nf6 6. Nd2 O-O 7. O-O Nbd7 8. f4
e5 9. fxe5 dxe5 10. Nc4 Qe7 11. Bg5 h6 12. Bh4 b6 13. Rf3 Bb7 14. Qf1 Rad8 15.
Rd1 g5 16. Bg3 Nh5 17. Ne3 Nf4 18. Nf5 Qe6 19. Nxf4 exf4 20. Bc4 Qxe4 1-0

[Event "ASIAN CITIES CHESS CHAMPIONSHIP 2015"]
[Site "Citrus Hotel , Waskaduwa, Sri Lanka"]
[Date "2015.07.23"]
[Round "3"]
[Board "3"]
[White "Isaev, Chingys"]
[Black "Sanjay, N."]
[Result "1/2-1/2"]
[WhiteElo "2173"]
[BlackElo "2342"]
[PlyCount "124"]
[EventDate "2015.07.22"]
[EventType "team"]
[EventRounds "9"]
[EventCountry "SRI"]
[WhiteTeam "Bishkek City, Kyrgyzstan"]
[BlackTeam "Bangalore, India"]

1. d4 Nf6 2. c4 c5 3. d5 b5 4. cxb5 a6 5. bxa6 g6 6. Nc3 Bg7 7. e4 O-O 8. e5
Ne8 9. Nf3 d6 10. exd6 Nxd6 11. Be2 Bxa6 12. O-O Nf5 13. Bxa6 Nxa6 14. Bf4 Nd4
15. a3 Nc7 16. Bxc7 Qxc7 17. Re1 Qb7 18. Rb1 Rfd8 19. Nd2 Nf5 20. Nde4 Bxc3 21.
Nxc3 e6 22. Ne4 Qe7 23. Nc3 Qb7 24. Qf3 exd5 25. Re5 Nd4 26. Qf6 Ne6 27. f4 Rd7
28. f5 Ng7 29. Qg5 f6 30. Qxf6 Rf8 31. Qg5 Rxf5 32. Rxf5 Nxf5 33. g4 Nd4 34.
Rf1 Rf7 35. Qxd5 Ne2+ 36. Kg2 Qxd5+ 37. Nxd5 Rb7 38. Rf2 Nc1 39. Nf6+ Kg7 40.
Ne8+ Kg8 41. Nd6 Rb8 42. Rd2 Nb3 43. Rc2 Nd4 44. Rf2 Rb3 45. Ne4 Ne6 46. h4 Re3
47. Nf6+ Kg7 48. Nd5 Rd3 49. Nc3 Rd4 50. Kg3 h5 51. gxh5 gxh5 52. Ne2 Rd3+ 53.
Rf3 Rd2 54. Re3 Kf6 55. b4 cxb4 56. axb4 Rb2 57. Nc3 Nc7 58. Ne4+ Kg6 59. Rc3
Nd5 60. Rc6+ Kg7 61. Rc4 Rb3+ 62. Kg2 Rxb4 1/2-1/2

[Event "ASIAN CITIES CHESS CHAMPIONSHIP 2015"]
[Site "Citrus Hotel , Waskaduwa, Sri Lanka"]
[Date "2015.07.23"]
[Round "3"]
[Board "4"]
[White "Raghunandan, Kaumandur Srihari"]
[Black "Mamatov, Melis"]
[Result "1-0"]
[WhiteElo "2236"]
[BlackElo "2093"]
[PlyCount "81"]
[EventDate "2015.07.22"]
[EventType "team"]
[EventRounds "9"]
[EventCountry "SRI"]
[WhiteTeam "Bangalore, India"]
[BlackTeam "Bishkek City, Kyrgyzstan"]

1. d4 f5 2. Bg5 Nf6 3. Bxf6 exf6 4. e3 d5 5. c4 Be6 6. Nc3 dxc4 7. d5 Bc8 8.
Bxc4 Bd6 9. Nge2 O-O 10. Nd4 Qe7 11. Qf3 g6 12. Ne6 Rf7 13. O-O-O Nd7 14. Bb3
a6 15. h3 b5 16. g4 fxg4 17. hxg4 Ne5 18. Qe2 c5 19. f4 Nd7 20. e4 c4 21. Bc2
Nf8 22. e5 fxe5 23. fxe5 Bb8 24. Nxf8 Rxf8 25. d6 Qg5+ 26. Kb1 Be6 27. Qh2 Ra7
28. Ne4 Qf4 29. Qxf4 Rxf4 30. Nc5 Bxg4 31. d7 Bc7 32. d8=Q+ Bxd8 33. Rxd8+ Rf8
34. Rd6 Re7 35. Ne4 Bf3 36. Nf6+ Kh8 37. Rh3 Bh5 38. Re3 Kg7 39. a3 a5 40. Nd5
Rf1+ 41. Ka2 1-0

[Event "ASIAN CITIES CHESS CHAMPIONSHIP 2015"]
[Site "Citrus Hotel , Waskaduwa, Sri Lanka"]
[Date "2015.07.23"]
[Round "3"]
[Board "1"]
[White "Suni, Syairazi"]
[Black "Fang, Yuxiang"]
[Result "0-1"]
[WhiteElo "1943"]
[BlackElo "2440"]
[PlyCount "89"]
[EventDate "2015.07.22"]
[EventType "team"]
[EventRounds "9"]
[EventCountry "SRI"]
[WhiteTeam "Bandar Seri Begawan, Brunei"]
[BlackTeam "Qingdao, China"]

1. e4 e6 2. d4 d5 3. Nd2 Nf6 4. e5 Nfd7 5. c3 c5 6. Bd3 b6 7. Ne2 Ba6 8. Bxa6
Nxa6 9. O-O Nc7 10. Nf4 Be7 11. Qg4 g6 12. Nf3 h5 13. Qh3 Qc8 14. Bd2 Qa6 15.
g4 O-O-O 16. g5 Kb7 17. a4 Qc4 18. Rfb1 Qb3 19. Nd3 Qc2 20. Qf1 c4 21. Nde1 Qe4
22. h4 Nb8 23. Be3 Nc6 24. Qh3 Qg4+ 25. Qg3 Na5 26. Nd2 Qf5 27. f4 Na6 28. Kf2
Nb8 29. Qf3 Nbc6 30. Kg3 a6 31. Qd1 Kc7 32. Qf3 Ra8 33. Qd1 Rhb8 34. Qe2 Bf8
35. Qd1 b5 36. Nc2 Qd3 37. Kf2 b4 38. Ne1 Qf5 39. Kg3 Kd7 40. Ng2 Rb6 41. Nf1
Rab8 42. Bd2 Nb3 43. Qe1 Nxa1 44. Rxa1 bxc3 45. bxc3 0-1

[Event "ASIAN CITIES CHESS CHAMPIONSHIP 2015"]
[Site "Citrus Hotel , Waskaduwa, Sri Lanka"]
[Date "2015.07.23"]
[Round "3"]
[Board "2"]
[White "Xu, Zhihang"]
[Black "Hj, Azahari Siti Nur Fatimah"]
[Result "1-0"]
[WhiteElo "2234"]
[BlackElo "2094"]
[PlyCount "65"]
[EventDate "2015.07.22"]
[EventType "team"]
[EventRounds "9"]
[EventCountry "SRI"]
[WhiteTeam "Qingdao, China"]
[BlackTeam "Bandar Seri Begawan, Brunei"]

1. c4 c5 2. Nc3 Nf6 3. g3 g6 4. Bg2 Bg7 5. e3 O-O 6. Nge2 Nc6 7. O-O d6 8. b3
Bf5 9. d4 cxd4 10. exd4 Rc8 11. d5 Nb4 12. a3 Na6 13. Be3 b6 14. Nd4 Ng4 15.
Bg5 h6 16. Nxf5 gxf5 17. Bd2 Nc5 18. Rb1 Qd7 19. Qe2 Ne5 20. Qh5 Ng4 21. Bh3
Nf6 22. Qxf5 Qxf5 23. Bxf5 Rc7 24. Rfe1 a6 25. Na2 b5 26. Ba5 Rb7 27. Nb4 bxc4
28. bxc4 Rfb8 29. Nc6 Rxb1 30. Bxb1 Rb3 31. Nxe7+ Kf8 32. Nf5 Nfe4 33. Bxe4 1-0

[Event "ASIAN CITIES CHESS CHAMPIONSHIP 2015"]
[Site "Citrus Hotel , Waskaduwa, Sri Lanka"]
[Date "2015.07.23"]
[Round "3"]
[Board "3"]
[White "Kamis, Kamarunsalehin"]
[Black "Zhou, Jiangnan"]
[Result "1/2-1/2"]
[WhiteElo "2030"]
[BlackElo "2099"]
[PlyCount "51"]
[EventDate "2015.07.22"]
[EventType "team"]
[EventRounds "9"]
[EventCountry "SRI"]
[WhiteTeam "Bandar Seri Begawan, Brunei"]
[BlackTeam "Qingdao, China"]

1. d4 Nf6 2. c4 g6 3. Nf3 Bg7 4. g3 O-O 5. Bg2 c5 6. d5 e6 7. O-O exd5 8. cxd5
d6 9. Nc3 Na6 10. Nd2 Nc7 11. a4 b6 12. Nc4 Ba6 13. Qb3 Re8 14. Bf4 Bc8 15.
Rfd1 Qd7 16. Na3 Nh5 17. Be3 f5 18. Ncb5 Bb7 19. Bf3 Nf6 20. Nc3 Ne4 21. Nab5
Na6 22. Qc4 Nf6 23. Bg5 Qf7 24. Bf4 Qd7 25. Bg5 Qf7 26. Bf4 1/2-1/2

[Event "ASIAN CITIES CHESS CHAMPIONSHIP 2015"]
[Site "Citrus Hotel , Waskaduwa, Sri Lanka"]
[Date "2015.07.23"]
[Round "3"]
[Board "4"]
[White "Li, Wenxiang"]
[Black "Hj, Azahari Md Aliuddin"]
[Result "1-0"]
[WhiteElo "1882"]
[BlackElo "2065"]
[PlyCount "173"]
[EventDate "2015.07.22"]
[EventType "team"]
[EventRounds "9"]
[EventCountry "SRI"]
[WhiteTeam "Qingdao, China"]
[BlackTeam "Bandar Seri Begawan, Brunei"]

1. d4 Nf6 2. c4 c5 3. d5 b5 4. cxb5 a6 5. bxa6 g6 6. Nc3 Bxa6 7. e4 Bxf1 8.
Kxf1 d6 9. g3 Bg7 10. Kg2 Nbd7 11. Nf3 O-O 12. a4 Qa5 13. Qc2 Rfb8 14. Ra3 Ne8
15. Bg5 Kf8 16. Nd2 Rb4 17. b3 Rb7 18. Nb5 Nc7 19. Nc4 Qa6 20. Bd2 Ne5 21. Nxc7
Rxc7 22. Bc3 Nxc4 23. Bxg7+ Kxg7 24. Qxc4 Qa5 25. Rc1 Kg8 26. Qc3 Qb6 27. a5
Qb5 28. Rca1 Rca7 29. Qc4 Qb7 30. g4 Ra6 31. h4 f6 32. f3 Kf7 33. Kg3 Qb8 34.
Ra4 Qd8 35. Qb5 Qc7 36. R4a3 Qa7 37. Ra4 Rb8 38. Qc4 Qb7 39. Rb1 Qa7 40. Qc3
Rb5 41. Rba1 Qb7 42. R1a3 Qa7 43. Kg2 Qb7 44. Qc4 Kg7 45. Qd3 Qb8 46. g5 Qb7
47. Kh2 Qd7 48. Qc3 Qd8 49. Ra2 Qb8 50. Rb2 Qd8 51. Rba2 Qb8 52. Qd3 Ra7 53.
R4a3 Ra6 54. f4 Ra7 55. f5 Rb4 56. Rg2 Rd4 57. Qf3 Kf7 58. Ra1 Qb4 59. fxg6+
hxg6 60. gxf6 exf6 61. Rf1 f5 62. Qg3 Rxe4 63. Qxg6+ Ke7 64. Qg7+ Kd8 65. Qf8+
Re8 66. Qxd6+ Rd7 67. Qf6+ Kc7 68. Rxf5 Red8 69. Qb6+ Qxb6 70. axb6+ Kxb6 71.
Rd2 Rh8 72. Kh3 Rdh7 73. Rf4 Rh6 74. d6 Kc6 75. d7 Rd8 76. Rf7 Re6 77. Rd3 Re1
78. Kg2 Kc7 79. h5 Re5 80. h6 Rg5+ 81. Kf2 Rh5 82. h7 Rh2+ 83. Kg1 Rh6 84. Kg2
Rg6+ 85. Rg3 Rh6 86. Rh3 Rg6+ 87. Kh2 1-0

[Event "ASIAN CITIES CHESS CHAMPIONSHIP 2015"]
[Site "Citrus Hotel , Waskaduwa, Sri Lanka"]
[Date "2015.07.23"]
[Round "3"]
[Board "1"]
[White "Sabri, Mohd Saprin"]
[Black "Arjun, Satheesh"]
[Result "0-1"]
[WhiteElo "2089"]
[BlackElo "1997"]
[PlyCount "27"]
[EventDate "2015.07.22"]
[EventType "team"]
[EventRounds "9"]
[EventCountry "SRI"]
[WhiteTeam "Shah Alam, Malaysia"]
[BlackTeam "Calicut, India"]

1. Nf3 Nf6 2. c4 e6 3. g3 b6 4. Bg2 Bb7 5. O-O Be7 6. b3 O-O 7. Bb2 d5 8. e3
Nbd7 9. Qe2 c5 10. Rd1 Qc7 11. Nc3 Rac8 12. Rac1 dxc4 13. bxc4 Rfe8 {
Poor Recording} 14. d3 0-1

[Event "ASIAN CITIES CHESS CHAMPIONSHIP 2015"]
[Site "Citrus Hotel , Waskaduwa, Sri Lanka"]
[Date "2015.07.23"]
[Round "3"]
[Board "2"]
[White "Sanjid, Latheef"]
[Black "Fong, Yit San"]
[Result "1/2-1/2"]
[WhiteElo "1922"]
[BlackElo "2091"]
[PlyCount "67"]
[EventDate "2015.07.22"]
[EventType "team"]
[EventRounds "9"]
[EventCountry "SRI"]
[WhiteTeam "Calicut, India"]
[BlackTeam "Shah Alam, Malaysia"]

1. b3 d5 2. Bb2 Nf6 3. d4 e6 4. Nf3 c5 5. e3 Nc6 6. Be2 cxd4 7. exd4 Bb4+ 8. c3
Be7 9. Nbd2 O-O 10. O-O b6 11. Ne5 Bb7 12. Ndf3 Rc8 13. Bd3 Bd6 14. Qe2 Qc7 15.
Rac1 Qe7 16. Rfe1 Rc7 17. Rcd1 Re8 18. Ng5 Nd8 19. Qe3 h6 20. Ngf3 Nc6 21. h3
Ne4 22. Nxc6 Bxc6 23. Ne5 Bb7 24. Bxe4 dxe4 25. Nc4 b5 26. Nxd6 Qxd6 27. d5
Bxd5 28. Qxe4 Qc6 29. Qg4 f5 30. Qg6 Kf8 31. c4 bxc4 32. bxc4 Bxc4 33. Be5 Rb7
{Poor recording} 34. Rd6 1/2-1/2

[Event "ASIAN CITIES CHESS CHAMPIONSHIP 2015"]
[Site "Citrus Hotel , Waskaduwa, Sri Lanka"]
[Date "2015.07.23"]
[Round "3"]
[Board "3"]
[White "Zulkifli, Muhd Syazwan"]
[Black "Mohammed, Dilshad"]
[Result "0-1"]
[WhiteElo "2070"]
[BlackElo "1961"]
[PlyCount "54"]
[EventDate "2015.07.22"]
[EventType "team"]
[EventRounds "9"]
[EventCountry "SRI"]
[WhiteTeam "Shah Alam, Malaysia"]
[BlackTeam "Calicut, India"]

1. d4 d5 2. Nf3 c6 3. c4 Nf6 4. Nc3 Bf5 5. cxd5 Nxd5 6. g3 Nb4 7. e4 Bg4 8. Be2
Bxf3 9. Bxf3 Qxd4 10. O-O Qxd1 11. Rxd1 e5 12. Bg2 Nd7 13. a3 Nc2 14. Rb1 Rd8
15. Bf1 Be7 16. Bd3 Nd4 17. b4 O-O 18. a4 Rfe8 19. Be3 a6 20. Kg2 Nf6 21. h3
Rd7 22. f4 exf4 23. gxf4 Red8 24. e5 Ne6 25. f5 Rxd3 26. exf6 Bxf6 27. fxe6 {
Poor Recording} Rxe3 0-1

[Event "ASIAN CITIES CHESS CHAMPIONSHIP 2015"]
[Site "Citrus Hotel , Waskaduwa, Sri Lanka"]
[Date "2015.07.23"]
[Round "3"]
[Board "4"]
[White "Arjun, K"]
[Black "Johari, Camilia"]
[Result "1-0"]
[WhiteElo "2035"]
[BlackElo "1839"]
[PlyCount "34"]
[EventDate "2015.07.22"]
[EventType "team"]
[EventRounds "9"]
[EventCountry "SRI"]
[WhiteTeam "Calicut, India"]
[BlackTeam "Shah Alam, Malaysia"]

1. e4 c6 2. d3 d5 3. Nd2 e5 4. Ngf3 Bd6 5. g3 Nf6 6. Bg2 O-O 7. O-O Bg4 8. h3
Bd7 9. c3 Qc7 10. Re1 Re8 11. Qe2 Na6 12. b3 h6 13. Bb2 dxe4 14. dxe4 Be6 15.
c4 Rad8 16. a3 h5 17. b4 {Poor Recording} b5 1-0

[Event "ASIAN CITIES CHESS CHAMPIONSHIP 2015"]
[Site "Citrus Hotel , Waskaduwa, Sri Lanka"]
[Date "2015.07.23"]
[Round "3"]
[Board "1"]
[White "Edirisinghe, Dulan"]
[Black "Maqseed, Nasser"]
[Result "1/2-1/2"]
[WhiteElo "2051"]
[BlackElo "1932"]
[PlyCount "54"]
[EventDate "2015.07.22"]
[EventType "team"]
[EventRounds "9"]
[EventCountry "SRI"]
[WhiteTeam "Colombo, Sri Lanka"]
[BlackTeam "Kuwait City, Kuwait"]

1. d4 Nf6 2. c4 g6 3. Nc3 Bg7 4. e4 d6 5. h3 O-O 6. Bd3 Nbd7 7. Nge2 e5 8. d5
a5 9. Bg5 h6 10. Be3 Nc5 11. Bc2 b6 12. Qd2 Kh7 13. g4 Ng8 14. Ng3 Bd7 15. f3
Bf6 16. h4 Bxh4 17. O-O-O Kg7 18. Rxh4 Qxh4 19. Rh1 Qxg3 20. Bd1 f6 21. Qe2 g5
22. Kd2 Ne7 23. Qf1 Ng6 24. Bf2 Qf4+ 25. Be3 Qg3 26. Bf2 Qf4+ 27. Be3 Qg3
 1/2-1/2

[Event "ASIAN CITIES CHESS CHAMPIONSHIP 2015"]
[Site "Citrus Hotel , Waskaduwa, Sri Lanka"]
[Date "2015.07.23"]
[Round "3"]
[Board "2"]
[White "Al Ibrahim, Abdulrahman"]
[Black "Galappaththi, Chinthaka Anurud"]
[Result "1/2-1/2"]
[WhiteElo "1719"]
[BlackElo "2098"]
[PlyCount "84"]
[EventDate "2015.07.22"]
[EventType "team"]
[EventRounds "9"]
[EventCountry "SRI"]
[WhiteTeam "Kuwait City, Kuwait"]
[BlackTeam "Colombo, Sri Lanka"]

1. e4 e6 2. d4 d5 3. Nd2 dxe4 4. Nxe4 Nf6 5. Bd3 Be7 6. Nf3 Nbd7 7. O-O O-O 8.
Nxf6+ Nxf6 9. Bf4 b6 10. Qe2 Bb7 11. Rad1 Qc8 12. c3 c5 13. dxc5 Qxc5 14. Be3
Qc7 15. Bd4 a6 16. Ne5 Bc5 17. Bxc5 Qxc5 18. Kh1 b5 19. Bb1 Rad8 20. Rfe1 Nd5
21. Rd4 Qe7 22. Bxh7+ Kxh7 23. Qh5+ Kg8 24. Rh4 Qxh4 25. Qxh4 Nf6 26. Nf3 Rd5
27. h3 Rfd8 28. Qb4 Rf5 29. Re5 Rd1+ 30. Kh2 Rf1 31. Qh4 Ra1 32. Rxf5 exf5 33.
a3 Rb1 34. Qf4 Bxf3 35. gxf3 Rxb2 36. Qxf5 Rxf2+ 37. Kg3 Rd2 38. Qc8+ Kh7 39.
Qf5+ Kg8 40. Qc8+ Kh7 41. Qf5+ Kg8 42. Qc8+ Kh7 1/2-1/2

[Event "ASIAN CITIES CHESS CHAMPIONSHIP 2015"]
[Site "Citrus Hotel , Waskaduwa, Sri Lanka"]
[Date "2015.07.23"]
[Round "3"]
[Board "3"]
[White "Priyankara, Chamil"]
[Black "Alhajiri, Bader"]
[Result "0-1"]
[WhiteElo "2018"]
[BlackElo "2231"]
[PlyCount "82"]
[EventDate "2015.07.22"]
[EventType "team"]
[EventRounds "9"]
[EventCountry "SRI"]
[WhiteTeam "Colombo, Sri Lanka"]
[BlackTeam "Kuwait City, Kuwait"]

1. e4 e5 2. Nf3 Nc6 3. Bc4 Nf6 4. d3 d5 5. exd5 Nxd5 6. O-O Be7 7. h3 Nb6 8.
Bb5 f6 9. d4 e4 10. Nh2 O-O 11. Bxc6 bxc6 12. Re1 f5 13. Nf1 Qe8 14. Nc3 Qg6
15. Ne2 Bd6 16. Bf4 Nd5 17. Bxd6 cxd6 18. c4 Nb6 19. Qc1 d5 20. c5 Nd7 21. b4
f4 22. Nc3 e3 23. Nxe3 fxe3 24. Rxe3 Nf6 25. a4 a6 26. Rg3 Qf7 27. Ra3 Rb8 28.
Rb3 Bd7 29. Qf1 Nh5 30. Rf3 Qg6 31. Rxf8+ Rxf8 32. Ne2 Qc2 33. Rb1 Qxa4 34. Qc1
Qb5 35. Qd2 Qb8 36. Ra1 Nf4 37. Rxa6 Qb5 38. Ra2 Nxe2+ 39. Qxe2 Qxb4 40. Ra7
Qb1+ 41. Kh2 Qb8+ 0-1

[Event "ASIAN CITIES CHESS CHAMPIONSHIP 2015"]
[Site "Citrus Hotel , Waskaduwa, Sri Lanka"]
[Date "2015.07.23"]
[Round "3"]
[Board "4"]
[White "Alkhaldi, Bader"]
[Black "Naotunna, Dineth Nimnaka"]
[Result "0-1"]
[WhiteElo "1970"]
[BlackElo "1930"]
[PlyCount "56"]
[EventDate "2015.07.22"]
[EventType "team"]
[EventRounds "9"]
[EventCountry "SRI"]
[WhiteTeam "Kuwait City, Kuwait"]
[BlackTeam "Colombo, Sri Lanka"]

1. d4 d5 2. c4 c6 3. Nf3 Nf6 4. e3 Bf5 5. cxd5 cxd5 6. Bb5+ Nbd7 7. O-O a6 8.
Be2 e6 9. Nh4 Be4 10. Nc3 Bd6 11. Nxe4 Nxe4 12. g3 Qb6 13. f3 Nef6 14. Qd3 O-O
15. e4 dxe4 16. fxe4 Ne5 17. Qe3 Nc6 18. Nf3 e5 19. Kg2 exd4 20. Qd3 Rfe8 21.
Ng5 h6 22. Rxf6 gxf6 23. Nxf7 Kxf7 24. e5 Nxe5 25. Qh7+ Ke6 26. Bf4 Qxb2 27.
Re1 Rh8 28. Qe4 f5 0-1

[Event "ASIAN CITIES CHESS CHAMPIONSHIP 2015"]
[Site "Citrus Hotel , Waskaduwa, Sri Lanka"]
[Date "2015.07.23"]
[Round "3"]
[Board "1"]
[White "Alahakoon, Isuru"]
[Black "Masters, Christopher"]
[Result "1-0"]
[WhiteElo "2054"]
[BlackElo "1900"]
[PlyCount "96"]
[EventDate "2015.07.22"]
[EventType "team"]
[EventRounds "9"]
[EventCountry "SRI"]
[WhiteTeam "Kandy, Sri Lanka"]
[BlackTeam "Hong Kong, Hong Kong"]

1. d4 Nf6 2. c4 g6 3. Nc3 Bg7 4. Nf3 O-O 5. Bg5 c5 6. d5 d6 7. e4 Qa5 8. Bd3
Bg4 9. O-O Nbd7 10. h3 Bxf3 11. Qxf3 Ne5 12. Qe2 Nxd3 13. Qxd3 h6 14. Bh4 a6
15. f4 Qc7 16. Rae1 Nh7 17. Bg3 b5 18. e5 bxc4 19. Qxc4 Rfb8 20. f5 Rb4 21. Qd3
Qb6 22. Kh1 dxe5 23. fxg6 Qxg6 24. Qxg6 fxg6 25. Bxe5 Ra7 26. Rf2 Rd7 27. a3
Bxe5 28. Rxe5 Rd4 29. Re6 Kg7 30. Rxa6 Nf6 31. Rc6 c4 32. Rc2 h5 33. a4 h4 34.
Kg1 g5 35. Kf2 Nxd5 36. Nxd5 R7xd5 37. R6xc4 Rxc4 38. Rxc4 Rd2+ 39. Kf3 Rxb2
40. Re4 Kf6 41. Re2 Rb3+ 42. Re3 Rb2 43. Ra3 Kf5 44. a5 Rb7 45. a6 Ra7 46. Ra5+
e5 47. Ra2 e4+ 48. Ke3 Ke5 1-0